000 00544nam a2200169 4500
001 148948
003 ES-MaACL
005 20230906202901.0
007 t|
008 070214s1952 sp r ||||1| spa d
100 1 _aSureda Molina, Guillermo.
_9108824
245 1 0 _aEnsayos taurinos /
_cGuillermo Sureda Molina ; dibujos de Quinito Caldentey.
260 _aPalma de Mallorca :
_b[s. n.],
_c1952 (
_fImp. Mossen Alcover)
300 _a255 p., 8 lám. ;
_c17 cm.
700 1 _aCaldentey, Quinito.
_933577
852 _aES-MaACL
_jD-8315
_bR.32963
999 _c148948
_d148948